000 00448nam a2200169Ia 4500
003 GCL
008 140319s9999 xx 000 0 ara d
040 _aGCL /
_cGCL
082 0 4 _a791.43
_bر م
100 1 _aرضا الطيار
245 1 0 _aالمدينة فى السينما العربية /
_cرضا الطيار
300 _a61 ص
490 _a
650 0 4 _aالسينما
650 0 4 _aالسينما العربية
942 _2ddc
_cBK
999 _c44460
_d44460